Statistiques concernant Focus sur: Albus Potter - Harry Potter

Cliquez ici pour prendre le quiz!

Statistiques générales

  • Ce quiz a été pris 360 fois
  • Le résultat moyen est 10 sur 12

Statistiques - réponses

Informations recherchéesRéponses% Correct
MèreGinny Weasley
99%
PèreHarry Potter
99%
Ecole fréquentéePoudlard
98%
Statut du sangSang-Mêlé
98%
Maison fréquentéeSerpentard
98%
Couleur des cheveuxBrun
96%
Première apparitionHarry Potter et les Reliques de la Mort
96%
SœurLily Potter II
96%
FrèreJames Potter II
95%
SurnomAl
69%
Acteur l'interprétant dans les filmsArthur Bowen
16%
Comédien l'interprétant dans la pièce de théâtreSam Clemmett
14%

Distribution des résultats

Percentile par nombre de réponses

% des personnes avec chaque résultat

Votre développement - résultats

Vous n’avez pas pris ce quiz